00374nam a2200133 a 45000010010000000030011000100080041000210350026000620820016000881000024001042450045001282600036001736500031002090000-8572ELIB.Books110520 1982  a(ELIB.Books)0000-8718 a222.1 bBru aBrueggemann, Walter aThe Vitality of Old Testament Traditions bAtlanta: John Knox Press c1982 aOld Testament - Pentateuch